| 000 | 00653nam a2200193Ii 4500 | ||
|---|---|---|---|
| 003 | JO-AjNU | ||
| 008 | 230605s9999||||xx |||||||||||||| ||und|| | ||
| 040 |
_aJO-AjNU _bara _erda _cJO-AjNU |
||
| 041 | _aara | ||
| 050 | 1 | 4 | _aRZ415.H3712 |
| 100 | 3 |
_aهابارد ، رونالد, _eauthor _940352 |
|
| 245 | 0 | 0 | _aهل عشت قبل هذة الحياة دراسة عن الموت ودليل الحياة الماضية |
| 264 | 3 | 1 | _aسوريا:دار الكتاب العربي ، 1900 |
| 300 | _a224ص | ||
| 336 |
_atext _btxt _2rdacontent |
||
| 337 |
_aunmediated _bn _2rdamedia |
||
| 338 |
_avolume _bnc _2rdacarrier |
||
| 650 | 4 |
_aالموت _940353 |
|
| 999 |
_aA17117 _c20685 _d20685 |
||